00747 2200229 4500001002100000005001700021008004100038035002500079040001200104082001500116084002000131100001500151245012000166260005900286300003100345500003800376504002900414650002000443700002400463850001200487990001800499INLIS00000000001103620150825094411.0  a0010-081500000002474 aYOPDYOG 223a346.04 aSK 346.04 Her P aHERMANSYUR aPenyelesaian sengketa harta warisan berupa hak milik atas tanah di pengadilan negeri kabupaten Bantulc/ Hermansyur aYogyakartabUniversitas Muhammadiyah Yogyakartac20012 axi, 78 lembar.c; 29,5 cm. aSkripsi Ilmu Hukum Fakultas Hukum aBibliografi : hlm. 77-78 aHak milik tanah aDEWI Nurul Musjtari aYOPDYOG a48824-PD/A.15